书目信息 |
| 题名: |
现代建筑施工项目管理
|
|
| 作者: | 张海贵 主编 | |
| 分册: | ||
| 出版信息: | 北京 金盾出版社 2001.09 |
|
| 页数: | 255页 | |
| 开本: | 26cm | |
| 丛书名: | ||
| 单 册: | ||
| 中图分类: | TU71 | |
| 科图分类: | ||
| 主题词: | 建筑工程--施工管理 | |
| 电子资源: | ||
| ISBN: | 7-5082-1600-8 | |
| 000 | 00578nam0 2200193 45 | |
| 001 | 0262347454 | |
| 005 | 2002111817190746 | |
| 010 | @a7-5082-1600-8@dRMB 21.50 | |
| 100 | @a20021118d2001 km y0chiy0120 ea | |
| 101 | 0 | @achi |
| 102 | @aCN@b110000 | |
| 200 | 1 | @a现代建筑施工项目管理@Axian dai jian zhu shi gong xiang mu guan li@f张海贵主编@Fzhang hai gui zhu bian |
| 210 | @a北京@c金盾出版社@d2001.09 | |
| 215 | @a255页@d26cm | |
| 606 | 0 | @a建筑工程@x施工管理 |
| 690 | @aTU71@v3 | |
| 701 | 0 | @a张海贵@Azhang hai gui@4主编 |
| 801 | 0 | @aCN@bPFT@c20021118 |
| 905 | @a10447@dTU71@eZ112 | |
| 现代建筑施工项目管理/张海贵主编.-北京:金盾出版社,2001.09 |
| 255页;26cm |
| ISBN 7-5082-1600-8:RMB 21.50 |
| ● |
| 相关链接 |
|
|
|
正题名:现代建筑施工项目管理
索取号:TU71/Z112
 
预约/预借
| 序号 | 登录号 | 条形码 | 馆藏地/架位号 | 状态 | 备注 |
| 1 | 360432 | 203604322 | 建筑库201/ [索取号:TU71/Z112] | 在馆 | |
| 2 | 360433 | 203604331 | 管理学院资料室/ [索取号:TU71/Z112] | 在馆 | |
| 3 | 360434 | 203604340 | 建筑库201/201建筑库 16排4列2层/ [索取号:TU71/Z112] | 在馆 |